| 000 | 00724nam a2200229Ia 4500 | ||
|---|---|---|---|
| 003 | GCL | ||
| 008 | 140319s9999 xx 000 0 ara d | ||
| 040 |
_aGCL / _cGCL |
||
| 082 | 0 | 4 |
_aق _b962.04 _bر ت |
| 100 | 1 | _aرؤوف عباس حامد | |
| 245 | 1 | 0 |
_aتاريخ مصر المعاصر / _cرؤوف عباس حامد |
| 700 | 1 | _aوجيه عبدالصادق | |
| 260 |
_a[S.N] : _bدار النهضة العربية ، _c1986 |
||
| 300 | _a254 ص | ||
| 490 | _a | ||
| 650 | 0 | 4 | _aالعصر الحديث |
| 650 | 0 | 4 | _aمصر |
| 650 | 0 | 4 | _aتاريخ |
| 650 | 0 | 4 | _aالحرب العالمية الاولى 1914- 1918 |
| 650 | 0 | 4 | _aمصر - تاريخ - العصر الحديث - ثورة 1919 |
| 942 |
_2ddc _cBK |
||
| 999 |
_c36439 _d36439 |
||